| 000 | 00446cam a2200181ua 4500 | ||
|---|---|---|---|
| 001 | 7849 | ||
| 008 | 160503n II |||gr||||Z||||||eng | ||
| 040 | _aMAIN | ||
| 041 | _aEnglish | ||
| 082 | _a320.011 RAO | ||
| 100 |
_aRAO ,V. VENKATA ., _eAUTHOR. |
||
| 245 | _aA HISTORY OF POLITICAL THEORY | ||
| 250 | _a3RD REV. | ||
| 260 |
_aNEW DELHI _bS.CHAND & COMPANY _c1983. |
||
| 300 |
_a777.: _c21CM. |
||
| 653 | _aPOLITICAL THEORIES | ||
| 942 | _cBK | ||
| 999 |
_c7832 _d7832 |
||